00557nam a2200121Ia 4500008004100000020001800041100002400059245011900083260006300202300001800265999001900283952013300302180315s9999 xx 000 0 und d a9781433827143 aStowell, Jeffrey R. cAddison, William E.aActivities for teaching statistics and research methods :ba guide for psychology instructors aWashington, DC :b2017cAmerican Psychological Association axi, 133 pages c356335d356335 001040aCLbCLcGSLd2018-03-15eLibrary Fundl2m1oBF 39 .St893 2017pC21439r2022-07-05 00:00:00s2021-07-22w2018-03-15yBK